| 000 | 00673nam a22002057a 4500 | ||
|---|---|---|---|
| 003 | OSt | ||
| 005 | 20250731060740.0 | ||
| 008 | 250731b |||||||| |||| 00| 0 eng d | ||
| 020 | _a9719919148 | ||
| 040 |
_aDWCL-Main lib _cOC |
||
| 082 | _aFil. 657.45 C117c 2011 | ||
| 100 | _aCabrera, Ma. Elenita B. | ||
| 245 |
_a Comprehensive reviewer in auditing theory/ _cMa. Elenita B. Cabrera |
||
| 250 | _a2011 ed. | ||
| 260 |
_aManila, Philippines : _bGIC Enterprises, _cc2011. |
||
| 300 |
_a v.p. ; _c22 cm. |
||
| 650 | _a1. Accounting--Examinations, questions, etc. | ||
| 650 | _a2. Auditing--Examinations, questions, etc. | ||
| 942 |
_2ddc _cBK - FIL _e2011 ed. _kFil. _n0 |
||
| 999 |
_c3922 _d3922 |
||